| 000 | 01328nam a22002897a 4500 | ||
|---|---|---|---|
| 005 | 20240530110345.0 | ||
| 008 | 141202s2009 ua gr 001 0 ara d | ||
| 017 |
_a17644/2009 _bمصر . دار الكتب المصرية |
||
| 020 | _a9771806645 | ||
| 040 | _aEG-CaGPL | ||
| 041 | 0 | _aara | |
| 082 | 0 | 4 |
_221 _a189.1\ _bرك |
| 100 | 1 |
_aالرازى _dت 320 هـ - 932 م _qالرازى ، ابو بكر محمد بن زكريا الطبيب |
|
| 245 | 1 | 0 |
_aكتاب الشكوك للرازى : _bعلى كلام فاضل الاطباء جالينوس فى الكتب البى نسبت اليه / _cالرازى ؛ تحقيق وتقديم مصطفى لبيب عبدالغنى |
| 246 |
_aKitab Al - Shukuk Ala Jalinus : _bDubitaiones in Galeum |
||
| 260 |
_aالقاهرة : _bمطبعة دار الكتب والوثائق القومية بالقاهرة ، _c2009 |
||
| 300 |
_a252 + 6 ص ؛ _c24 سم |
||
| 504 | _aببليوجرافية : ص 247 - 250 | ||
| 600 | 0 | 4 | _aجالينوس ( طبيب يونانى ) |
| 600 | 0 | 4 | _aالرازى |
| 650 | 0 | 4 | _aالفلسفة الاسلامية |
| 650 | 0 | 4 |
_aالطب _xفلسفة |
| 650 | 0 | 4 |
_aالطب _xتاريخ _yاليونان |
| 700 | 0 |
_aمصطفى لبيب عبدالغنى _eمحقق ومقدم |
|
| 942 |
_2ddc _cBK |
||
| 999 |
_c59956 _d59956 |
||